000 00736nam a2200217Ii 4500
003 JO-AjNU
008 230605s9999||||xx |||||||||||||| ||und||
017 _a2000/8/2451
040 _aJO-AjNU
_bara
_erda
_cJO-AjNU
041 _aara
050 1 4 _aBP130.73.K476 2008
100 3 _aالخالدي، صلاح عبد الفتاح,
_eauthor
_931570
245 0 0 _aإعجاز القرآن البياني ودلائل مصدرة الرباني
250 _aط3
264 3 1 _aعمان: دار عمار للنشر والتوزيع، 2008
300 _a518ص
336 _atext
_btxt
_2rdacontent
337 _aunmediated
_bn
_2rdamedia
338 _avolume
_bnc
_2rdacarrier
650 4 _aالقران الكريم - الاعجاز
_931571
999 _aA12641
_c16209
_d16209